Tự chữa bệnh trong gia đình bằng thức ăn hằng ngày

Uloženo v:
Podrobná bibliografie
Hlavní autor: Nguyễn Văn Phấn
Médium: Kniha
Jazyk:Undetermined
Vydáno: Hà Nội Thanh Niên 2000
Témata:
Tagy: Přidat tag
Žádné tagy, Buďte první, kdo otaguje tento záznam!
Thư viện lưu trữ: Trung tâm Học liệu Trường Đại học Cần Thơ
LEADER 00630nam a2200205Ia 4500
001 CTU_65117
008 210402s9999 xx 000 0 und d
020 |b 16000 
082 |a 613.2 
082 |b Ph121 
100 |a Nguyễn Văn Phấn 
245 0 |a Tự chữa bệnh trong gia đình bằng thức ăn hằng ngày 
245 0 |c Nguyễn Văn Phấn, Phan Kim Huê 
260 |a Hà Nội 
260 |b Thanh Niên 
260 |c 2000 
650 |a diet therapy,nutrition,public heath 
650 |x dietetics 
904 |i Mai Loan 
980 |a Trung tâm Học liệu Trường Đại học Cần Thơ